000 00629nam a2200241Ia 4500
003 OSt
005 20220918210153.0
006 a|||||r|||| 00| 0
007 ta
008 220917b |||||||| |||| 00| 0 eng d
024 _a119,448
037 _cTextual
040 _aARTS
_cARTS
_beng
041 _2eng
_aeng
082 _aV73:19:N3, J2
100 _aLanger William L
245 0 _aChallange to isolation 1937-1940
260 _c1952
650 _aHISTORY
700 _a Gleason S Everett
_9117318
942 _hV73:19:N3, J2
_cTEXL
_2CC
999 _c242715
_d242715